Catálogo público

Razas de gallinas : origen y descripción / José Oteiza Fernández (Record no. 216955)

MARC details
000 -CABECERA
campo de control de longitud fija 00717nam a2200241Ia 4500
001 - NÚMERO DE CONTROL
campo de control Z_5333
008 - DATOS DE LONGITUD FIJA--INFORMACIÓN GENERAL
campo de control de longitud fija 220601s9999 xx 000 0 und d
020 ## - NÚMERO INTERNACIONAL ESTÁNDAR DEL LIBRO
Número Internacional Estándar del Libro 968-24-4410-1
082 ## - NÚMERO DE LA CLASIFICACIÓN DECIMAL DEWEY
Número de clasificación 636.58 O84
100 ## - ENTRADA PRINCIPAL--NOMBRE DE PERSONA
Nombre de persona Oteiza Fernández, José
9 (RLIN) 84310
245 ## - MENCIÓN DE TÍTULO
Título Razas de gallinas : origen y descripción / José Oteiza Fernández
260 ## - PUBLICACIÓN, DISTRIBUCIÓN, ETC.
Lugar de publicación, distribución, etc. México : Trillas
300 ## - DESCRIPCIÓN FÍSICA
Extensión 172 p.
503 ## - NOTA DE HISTORIA BIBLIOGRÁFICA (BK CF MU) [OBSOLETO]
Nota de historia bibliográfica ej.1: - ej.3: C/E \ ej.4: 0008 \ ej.5: 0009
504 ## - NOTA DE BIBLIOGRAFÍA, ETC.
Nota de bibliografía, etc. Bibliografía: p. 165Incluye índice
650 ## - PUNTO DE ACCESO ADICIONAL DE MATERIA--TÉRMINO DE MATERIA
Término de materia o nombre geográfico como elemento de entrada 1. Aves de corral - Razas
650 ## - PUNTO DE ACCESO ADICIONAL DE MATERIA--TÉRMINO DE MATERIA
Término de materia o nombre geográfico como elemento de entrada AviculturaÌ
901 ## - ELEMENTOS DE DATOS A LOCAL LDA (RLIN)
a 636.58 O84
902 ## - ELEMENTOS DE DATOS B LOCAL, LDB (RLIN)
a M
905 ## - ELEMENTOS DE DATOS E LOCAL, LDE (RLIN)
a 5232272004 mx a 8211113311spa16
942 ## - ELEMENTOS DE PUNTO DE ACCESO ADICIONAL (KOHA)
Tipo de ítem Koha Libro_
Holdings
Estado de retiro Estado de pérdida Fuente del sistema de clasificación o colocación Estado dañado No para préstamo Código de colección Localización permanente Ubicación/localización actual Ubicación en estantería Fecha de adquisición Total de préstamos Código de barras Fecha visto por última vez Fecha del último préstamo Número de copia Precio válido a partir de Tipo de ítem Koha
    Dewey Decimal Classification     General Zootecnia Zootecnia   26/10/2012 1 z_5911 29/01/2024 29/01/2024 5 02/06/2022 Libro
    Dewey Decimal Classification     General Zootecnia Zootecnia   30/03/2012 2 z_2781 02/08/2024 02/08/2024 2 02/06/2022 Libro
    Dewey Decimal Classification     General Zootecnia Zootecnia   30/03/2012   z_2782 02/06/2022   3 02/06/2022 Libro
    Dewey Decimal Classification     General Zootecnia Zootecnia   16/02/2006 1 z_5186 16/10/2023 16/10/2023 1 02/06/2022 Libro
    Dewey Decimal Classification     General Zootecnia Zootecnia   26/10/2012 1 z_5910 02/12/2025 02/12/2025 4 02/06/2022 Libro